|
|
|
|
| LEADER |
00000nab a2200000 a 4500 |
| 001 |
vtls000908259 |
| 003 |
SK-MaSNL |
| 005 |
20260303172435.0 |
| 008 |
040720e20011221xo 0 slo |
| 035 |
|
|
|a KE17193
|
| 040 |
|
|
|a KEVKJB
|b slo
|c KEVKJB
|e AACR2
|
| 041 |
0 |
|
|a slo
|
| 044 |
|
|
|a xo
|c SK
|
| 080 |
|
|
|a 398.332.41
|2 1981
|
| 080 |
|
|
|a 282
|2 1981
|
| 080 |
|
|
|a 929
|2 1981
|
| 100 |
1 |
|
|a Jurkovičová, Klaudia
|4 aut
|9 877349
|
| 245 |
1 |
0 |
|a Arcibiskup Alojz Tkáč želá všetkým prežitie Vianoc v znamení narodenia Pána
|
| 300 |
|
|
|b 2 foto
|
| 590 |
|
|
|a Tkáč, Alojz 1934-,
|b arcibiskup rímskokatolícky 2.3.1934-,
|
| 600 |
1 |
7 |
|a Tkáč, Alojz,
|d 1934-2023,
|2 KEVKJB
|9 228314
|
| 611 |
1 |
7 |
|a Vianoce
|2 KEVKJB
|9 877519
|
| 650 |
0 |
7 |
|a rozhovory
|2 KEVKJB
|9 453585
|
| 651 |
|
7 |
|a Košice (Slovensko)
|2 KEVKJB
|9 18694
|
| 651 |
|
7 |
|a KE,
|2 KEVKJB
|9 877256
|
| 655 |
|
7 |
|a periodikum
|2 snkbucl
|9 29553
|
| 700 |
1 |
0 |
|a Tkáč, Alojz,
|d 1934-2023
|4 aut
|9 228314
|
| 773 |
0 |
8 |
|t Košický denník Korzár
|g Roč. 4, č.293, 21.12.2001, s. 2
|x 1335-4566
|
| 852 |
|
|
|a ZVYKNI
|b KIS3GCP
|
| 999 |
|
|
|c 2086522
|d 2088452
|